Kvalitatívny rozvoj chovu ošípaných na Slovensku zborník referátov z konferencie o ďalšom rozvoji chovu ošípaných na Slovensku : Nitra, 31. mája - 1. júna 1972

Bibliographic Details
Other Authors: Magerčák, Jozef (Compiler), Žatko, Ján (Compiler)
Format: Book
Language:Slovak
PhysicalDescription:148, [3] s. 8°
Published: Bratislava Príroda 1973
Series:Edícia Ministerstva poľnohospodárstva a výživy SSR
Subjects:

MARC

LEADER 00000nam a2200000 a 4500
001 vtls008313677
003 SK-MaSNL
005 20260301220106.0
008 250312s1973 xo slo
015 |a SNBA1973/08-01838 
035 |a SK01SNK19730005894 
035 |a urn:nbn:sk:snk-amyg0o 
035 |a urn:nbn:sk:snk-am00clq6 
035 |a C266AD0C-9350-4312-93E8-4CCC486A45F8 
035 |a SKM000008357 
040 |a SNK  |b slo  |c SNK  |e AACR2 
041 1 |a slo 
044 |a xo 
080 |a 636.4(437.6)(082)  |2 1981 
245 1 0 |a Kvalitatívny rozvoj chovu ošípaných na Slovensku  |b zborník referátov z konferencie o ďalšom rozvoji chovu ošípaných na Slovensku : Nitra, 31. mája - 1. júna 1972  |c zost.: Jozef Magerčák, Ján Žatko 
260 |a Bratislava  |b Príroda  |c 1973  |e Partizánske  |f Západoslovenské tlačiarne 
300 |a 148, [3] s.  |c 8° 
490 1 |a Edícia Ministerstva poľnohospodárstva a výživy SSR 
500 |a Pozn. Tb. Schémy 
500 |a Vyd. Min. poľnohosp. a výživy SSR, Bratislava 
563 |a 2000 výtl. 
650 0 7 |a ošípané  |x chov  |z Slovensko  |x zborníky  |2 SNK  |9 606778 
655 7 |a zborníky  |2 SNKPH  |9 70165 
700 1 |a Magerčák, Jozef  |4 com  |9 346680 
700 1 |a Žatko, Ján  |4 com 
830 0 |a Edícia Ministerstva poľnohospodárstva a výživy SSR  |9 280211 
852 |a Slovenská národná knižnica 
958 |a OND 
958 |a TL 
958 |a RK 
958 |a ZB 
999 |c 930604  |d 932534 
952 |a SNK  |b SNK  |y VYP  |7 0  |p 17A0507889  |o snkSD 43074 D1  |i snkKSP 6042/73  |0 0  |1 0  |4 0  |d 2006-05-15  |l 0  |r 2026-02-24 08:46:55  |w 2026-02-24 
952 |a SNK  |b SNK  |y PREZ  |7 0  |p 17A0957254  |o snkSD 43074  |0 0  |1 0  |4 0  |d 2013-08-15  |f 1  |l 0  |r 2026-02-24 08:46:55  |w 2026-02-24